A history of the presidency ... /

Bibliographic Details
Main Author: Stanwood, Edward, 1841-1923
Format: Book
Language:English
Published: Boston, New York : Houghton Mifflin company, [1916]
Subjects:

MARC

Tag First Indicator Second Indicator Subfields
LEADER 00000cam a2200000 4500
001 in00000063992
005 20151008051150.0
008 750815s1916 mau 00000 eng u
010 |a  16026861  
035 |a (OCoLC)01548403 
035 |9 AAG6158AM 
040 |c DZM  |d TXA  |d UtOrBLW 
049 |a TXAM  |c 1  |v 1 [6581]  |v 2 [6582]  |c 2  |v 1 [A08436870] 
050 0 0 |a JK511  |b .S7 1916 
092 |a 329  |b S792h 
100 1 |a Stanwood, Edward,  |d 1841-1923. 
245 1 2 |a A history of the presidency ... /  |c by Edward Stanwood ... 
264 1 |a Boston,  |a New York :  |b Houghton Mifflin company,  |c [1916] 
300 |a 2 volumes ;  |c 21 cm. 
336 |a text  |b txt  |2 rdacontent 
337 |a unmediated  |b n  |2 rdamedia 
338 |a volume  |b nc  |2 rdacarrier 
500 |a Volume 1 was first published separately in 1898, ad a continuation to 1909 was published in 1912. 
505 0 |a v. 1. From 1788 to 1897.--v. 2. From 1897-1916. 
650 0 |a Presidents  |z United States  |x Election. 
651 0 |a United States  |x Politics and government. 
999 |a MARS 
999 f f |s 7bc17cba-1b36-3de9-96e7-60b9867aa346  |i 5a7ff49e-f793-3b6b-9f13-9d17a53203a6  |t 0 
952 f f |p ric  |a Texas A&M University  |b Rellis Campus  |c Joint Library Facility  |d Remote Storage  |t 0  |e JK511 S7 1916  |h Library of Congress classification  |i unmediated -- volume  |k v.1  |m A14800683457 
952 f f |p ric  |a Texas A&M University  |b Rellis Campus  |c Joint Library Facility  |d Remote Storage  |t 0  |e JK511 S7 1916  |h Library of Congress classification  |i unmediated -- volume  |k v.2  |m A14800683465 
998 f f |a JK511 S7 1916  |s v.1-v.2  |t 0  |l Remote Storage